Amor y sexo en el matrimonio

Gardado en:
Detalles Bibliográficos
Autor Principal: Machado, Nilton G. (autor)
Formato: Libro
Idioma:Lingua castelá
Publicado: Santiago Paulinas 1988
Series:Colección Familia, 9
Subjects:
Tags: Engadir etiqueta
Sen Etiquetas, Sexa o primeiro en etiquetar este rexistro!

MARC

LEADER 00000nam a2200000 a 4500
001 UCW4880
003 CL-VaPUC
008 900904e19880000CL |||||||||||||||||spa|d
082 0 4 |a 176  |b MAC  |2 21 
100 |a Machado, Nilton G.  |e autor  |9 309689 
245 1 0 |a Amor y sexo en el matrimonio 
300 |a 158 p 
942 |c BK 
945 |d 19900904 00:00:00 
260 |a Santiago  |b Paulinas  |c 1988 
650 7 |a SEXO EN EL MATRIMONIO ASPECTOS RELIGIOSOS  |2 CL-VaPUC  |9 309690 
583 |a last modification  |c 19900904 00:00:00  |k Rodrigo Vera 
490 0 |a Colección Familia, 9 
999 |c 218466  |d 218464 
952 |0 0  |1 0  |4 0  |6 176_000000000000000_MAC_1988  |7 0  |8 P  |9 208092  |a BIBEDU  |b BIBEDU  |c BIBEDU_PB  |d 2019-11-15  |i 2759640  |o 176 MAC 1988  |p 2759640  |r 2024-01-25  |w 2019-11-15  |y BK  |k EDU 
952 |0 0  |1 0  |4 0  |6 176_000000000000000_MAC_1988  |7 0  |8 P  |9 208093  |a BIBEDU  |b BIBEDU  |c BIBEDU_PB  |d 2019-11-15  |i 2759659  |o 176 MAC 1988  |p 2759659  |r 2024-01-25  |w 2019-11-15  |y BK  |k EDU